The export economies : (Record no. 5077)
[ view plain ]
| 000 -LEADER | |
|---|---|
| fixed length control field | 00784nam a2200145 4500 |
| 020 ## - INTERNATIONAL STANDARD BOOK NUMBER | |
| ISBN | 651849679 |
| 050 ## - CALL NUMBER | |
| Classification number | TK5102.5 |
| Item number | .T318 |
| 100 ## - AUTHOR | |
| Personal name | Levin, Jonathan V |
| 245 ## - TITLE | |
| Title | The export economies : |
| Remainder of title | their pattern of development in historical perspective |
| Statement of responsibility, etc | Jonathan V Levin |
| 260 ## - PUBLICATION INFORMATION | |
| Place of publication | Cambridge, Massachusetts : |
| Name of publisher | Harvard University Press, |
| Year of publication | 1960. |
| 300 ## - DESCRIPTION | |
| Number of Pages | xiv, 347 pages, |
| Other physical details | 1 unnumbered leaf of plates : illustrations, map ; |
| Dimensions | 22 cm. |
| 505 ## - FORMATTED CONTENTS NOTE | |
| Table of Content | The export economies: a framework, introduction and summary --<br/>The Past. Peru in guano age --<br/>The sources of factor supply --<br/>The pattern of development --<br/>The Modern Revolt. Burma's rice-marketing board --<br/>The instruments of revolt --<br/>Probelms and prospects. |
| 650 ## - SUBJECTS | |
| Topical Term | Developing countries. |
| General subdivision | Commerce. |
| 942 ## - ADDED ENTRY ELEMENTS (KOHA) | |
| Koha item type | Books |
| Withdrawn status | Lost status | Home library | Current library | Date acquired | Full call number | Accession Number | Koha item type |
|---|---|---|---|---|---|---|---|
| Methodist University Library Wenchi Faculty | Methodist University Library Wenchi Faculty | 30/04/2019 | TK5102.5 .T318 | 31928 | Books |